Capitals Starting with 'N' - Statistics

General Stats
  • This quiz has been taken 299 times
  • The average score is 7 of 10
Answer Stats
Continent Capital % Correct
North America Nassau
84%
Africa Nairobi
82%
Asia New Delhi
79%
Asia Naypyidaw
75%
Africa N'Djamena
75%
Africa Niamey
75%
Africa Nouakchott
74%
Oceania Nuku'alofa
70%
Asia Nicosia
64%
Oceania Ngerulmud
61%
No matching quizzes found
Score Distribution
Percent of People with Each Score
Percentile by Number Answered
Your Score History
You have not taken this quiz